Hướng dẫn đồ án nhà máy thuỷ điện
Nội dung giới thiệu về cách lựa chọn thiết bị chính và phụ của nhà máy thuỷ điện, thiết kế nhà máy thuỷ điện. Phần phụ lục các hình vẽ, bảng biểu dùng các thiết kế và lựa chọn cụ thể.
Guardado en:
| Autor principal: | |
|---|---|
| Formato: | Libro |
| Lenguaje: | Undetermined |
| Publicado: |
Hà Nội
Xây dựng
2004
|
| Materias: | |
| Etiquetas: |
Agregar Etiqueta
Sin Etiquetas, Sea el primero en etiquetar este registro!
|
| Thư viện lưu trữ: | Trung tâm Học liệu Trường Đại học Cần Thơ |
|---|
| LEADER | 00904nam a2200205Ia 4500 | ||
|---|---|---|---|
| 001 | CTU_93561 | ||
| 008 | 210402s9999 xx 000 0 und d | ||
| 020 | |c 15000 | ||
| 082 | |a 621.312134 | ||
| 082 | |b T121 | ||
| 100 | |a Hoàng, Văn Tần | ||
| 245 | 0 | |a Hướng dẫn đồ án nhà máy thuỷ điện | |
| 245 | 0 | |c Hoàng Văn Tần, Phạm Hồng Nhật | |
| 260 | |a Hà Nội | ||
| 260 | |b Xây dựng | ||
| 260 | |c 2004 | ||
| 520 | |a Nội dung giới thiệu về cách lựa chọn thiết bị chính và phụ của nhà máy thuỷ điện, thiết kế nhà máy thuỷ điện. Phần phụ lục các hình vẽ, bảng biểu dùng các thiết kế và lựa chọn cụ thể. | ||
| 650 | |a Electricity,Thuỷ điện | ||
| 904 | |i Trúc,Qhieu | ||
| 980 | |a Trung tâm Học liệu Trường Đại học Cần Thơ | ||